000 00350 a2200157 4500
001 189099
020 _a978-85-224-5277-4
040 _cMagnum
100 _aPessoa, Carlos
240 1 0 _aNegociação aplicada
_lpor
245 1 0 _aNegociação aplicada
300 _a305
362 0 _a2009
697 _aECONOMIA E DISCIPLINAS AFINS
942 _cBK
999 _c189099
_d189099